000 00292nam a2200109Ia 4500
001 1275902
005 20260417160437.0
008 260417s9999 xx 000 0 und d
020 _a9786257303231
245 0 _aYıldızlar Neden Kafamıza Düşmez?
_cFederico Taddia
260 _bKetebe Çocuk
999 _c1275902
_d1275902